[Event "2. ODEM U25 2005"]
[Site "Willingen GER"]
[Date "2005.05.15"]
[Round "2"]
[White "Lange, Vanessa"]
[Black "Dorn, Matthias"]
[Result "0-1"]
[Termination "normal"]
[Board "29"]
[WhiteElo "1295"]
[BlackElo "1728"]
[PlyCount "52"]
[BlackFideId "24600695"]
[EventCountry "GER"]
[EventRounds "9"]
[EventType "swiss"]
[EventDate "2005.05.15"]

1. d4 Nf6 2. Nc3 g6 3. e4 d6 4. f4 Bg7 5. Nf3 O-O 6. Bd3 Nbd7 7. O-O e5 8. Be3
Ng4 9. Qd2 Nxe3 10. Qxe3 exd4 11. Nxd4 Nc5 12. Bc4 c6 13. Rfd1 Bg4 14. Rd2 Re8
15. Nf3 Bxc3 16. bxc3 Rxe4 17. Bxf7+ Kxf7 18. Qf2 Bxf3 19. Qxf3 Qe7 20. f5 Re1+
21. Rxe1 Qxe1+ 22. Qf1 Qxd2 23. fxg6+ Kxg6 24. Qf3 Qe1+ 25. Qf1 Qxf1+ 26. Kxf1
Re8 0-1

[Event "2. ODEM U25 2005"]
[Site "Willingen GER"]
[Date "2005.05.15"]
[Round "2"]
[White "Sonnhalter, Stella"]
[Black "Beck, Patrick"]
[Result "1/2-1/2"]
[Termination "normal"]
[Board "30"]
[WhiteElo "1262"]
[BlackElo "1719"]
[PlyCount "77"]
[WhiteFideId "4624815"]
[BlackFideId "24660418"]
[EventCountry "GER"]
[EventRounds "9"]
[EventType "swiss"]
[EventDate "2005.05.15"]

1. e4 c5 2. Nf3 e6 3. d4 cxd4 4. Nxd4 a6 5. Nc3 Qc7 6. Be2 Nf6 7. Bg5 Bb4 8.
Bxf6 Bxc3+ 9. bxc3 Qxc3+ 10. Kf1 gxf6 11. Rb1 Nc6 12. Nf3 b5 13. Rb3 Qc5 14. g3
Bb7 15. Bd3 Nd4 16. Nxd4 Qxd4 17. c3 Qe5 18. Qe2 Rc8 19. c4 Bxe4 20. Bxe4 bxc4
21. Rb2 d5 22. Bf3 O-O 23. Kg2 Qxe2 24. Bxe2 d4 25. Rd2 Rfd8 26. Rhd1 d3 27.
Bxd3 Rxd3 28. Rxd3 cxd3 29. Rxd3 Rc5 30. Kf3 Kf8 31. Ke4 Rc4+ 32. Ke3 Ke7 33.
Ra3 Rc6 34. Kd4 Kd6 35. f4 e5+ 36. Ke4 Ke6 37. f5+ Kd6 38. Ra4 Kc5 39. Kd3
1/2-1/2

[Event "2. ODEM U25 2005"]
[Site "Willingen GER"]
[Date "2005.05.15"]
[Round "2"]
[White "Reiske, Anne"]
[Black "Teltewskoi, Alexander"]
[Result "1-0"]
[Termination "normal"]
[Board "31"]
[WhiteElo "1719"]
[BlackElo "1312"]
[PlyCount "83"]
[WhiteFideId "24635472"]
[EventCountry "GER"]
[EventRounds "9"]
[EventType "swiss"]
[EventDate "2005.05.15"]

1. e4 c5 2. Nf3 Nc6 3. d4 cxd4 4. Nxd4 Nf6 5. Nc3 e5 6. Nf5 d5 7. exd5 Bxf5 8.
dxc6 Qxd1+ 9. Nxd1 bxc6 10. Ne3 Bg6 11. Bd2 Rb8 12. O-O-O Bb4 13. Nc4 Bxd2+ 14.
Rxd2 O-O 15. Nxe5 Be4 16. Rg1 Bd5 17. g4 Rfe8 18. f4 Ne4 19. Rd4 Rbd8 20. Bg2
c5 21. Rdd1 f6 22. Nd3 Bf7 23. Bxe4 Rxe4 24. Nxc5 Rxd1+ 25. Rxd1 Re8 26. Rd7
Rc8 27. Nb7 Be6 28. Rd8+ Rxd8 29. Nxd8 Bxg4 30. Kd2 Kf8 31. Kd3 Ke7 32. Nc6+
Kd6 33. Nxa7 Kd5 34. c4+ Kc5 35. Kc3 h6 36. b4+ Kb6 37. Nb5 g5 38. fxg5 hxg5
39. Nd6 f5 40. Kd4 Kc6 41. Nf7 f4 42. Ne5+ 1-0

[Event "2. ODEM U25 2005"]
[Site "Willingen GER"]
[Date "2005.05.15"]
[Round "2"]
[White "Huynh, Nhi Lang"]
[Black "Schwenke, Vincent"]
[Result "0-1"]
[Termination "normal"]
[Board "32"]
[WhiteElo "1241"]
[BlackElo "1711"]
[PlyCount "122"]
[WhiteFideId "24669180"]
[BlackFideId "24620467"]
[EventCountry "GER"]
[EventRounds "9"]
[EventType "swiss"]
[EventDate "2005.05.15"]

1. e4 c6 2. Nc3 d5 3. exd5 cxd5 4. d4 Nc6 5. Nf3 Nf6 6. Be2 Bf5 7. O-O e6 8.
Bg5 Be7 9. Bb5 O-O 10. Nh4 Bg6 11. Nxg6 hxg6 12. Re1 a6 13. Ba4 b5 14. Bb3 Qb6
15. Be3 Rfd8 16. a3 a5 17. Ne2 a4 18. Ba2 b4 19. axb4 Bxb4 20. c3 Bd6 21. Qc2
Rdb8 22. Rab1 Qc7 23. g3 Nb4 24. Qd2 Ne4 25. Qc1 Nxa2 26. Qc2 Nb4 27. Qd1 Nc6
28. Nf4 Rb3 29. f3 Nf6 30. Re2 Rab8 31. Nd3 a3 32. Bg5 axb2 33. Rbxb2 Rxc3 34.
Nc5 Bxc5 35. dxc5 Rxb2 36. Rxb2 Rxc5 37. Ra2 Ra5 38. Rc2 Qa7+ 39. Kh1 Ra1 40.
Bc1 Qa4 41. Qd2 Nd7 42. Kg2 Nde5 43. Bb2 Ra2 44. Qc3 Qc4 45. Qd2 Qb3 46. Kh3
Nc4 47. Qc3 Qxc3 48. Rxc3 Rxb2 49. f4 N6a5 50. Rf3 Rb3 51. Rxb3 Nxb3 52. Kh4 d4
53. Kg4 d3 54. Kf3 Nd4+ 55. Ke4 d2 56. Kxd4 d1=Q+ 57. Kc3 Nd6 58. Kb2 Kf8 59.
Ka2 Nc4 60. h4 Qc2+ 61. Ka1 Qb2# 0-1

[Event "2. ODEM U25 2005"]
[Site "Willingen GER"]
[Date "2005.05.15"]
[Round "2"]
[White "Vintan, Cristina-Mihaela"]
[Black "Strohmann, Marc"]
[Result "1-0"]
[Termination "normal"]
[Board "33"]
[WhiteElo "1711"]
[BlackElo "1267"]
[PlyCount "85"]
[EventCountry "GER"]
[EventRounds "9"]
[EventType "swiss"]
[EventDate "2005.05.15"]

1. e4 c6 2. d4 d5 3. Nc3 dxe4 4. Nxe4 Bf5 5. Ng3 Bg6 6. h4 h6 7. h5 Bh7 8. Nf3
e6 9. Bd3 Bxd3 10. Qxd3 Nf6 11. Bd2 c5 12. O-O-O Nc6 13. Bc3 Qd5 14. Qb5 Rb8
15. Ne5 a6 16. Qa4 Rc8 17. f3 Bd6 18. dxc5 Qxc5 19. Nxc6 Rxc6 20. Bxf6 gxf6 21.
Ne4 Qe3+ 22. Kb1 Be5 23. Nd6+ Bxd6 24. Rxd6 b5 25. Qb4 Rc5 26. Rxa6 O-O 27. Ra3
Qf2 28. Rc3 Rxh5 29. Qg4+ Rg5 30. Qh4 Rxg2 31. Qxh6 Rg1+ 32. Rxg1+ Qxg1+ 33.
Qc1 Qxc1+ 34. Kxc1 Kh7 35. Rb3 Rb8 36. a4 Kg6 37. axb5 Kg5 38. c4 Rc8 39. Rc3
Kf4 40. c5 Ke5 41. b6 Rb8 42. c6 Rxb6 43. c7 1-0

[Event "2. ODEM U25 2005"]
[Site "Willingen GER"]
[Date "2005.05.15"]
[Round "2"]
[White "Rosenkranz, Christian"]
[Black "Frey, Nicole"]
[Result "1/2-1/2"]
[Termination "normal"]
[Board "34"]
[WhiteElo "1232"]
[BlackElo "1694"]
[PlyCount "45"]
[WhiteFideId "24674494"]
[BlackFideId "4690176"]
[EventCountry "GER"]
[EventRounds "9"]
[EventType "swiss"]
[EventDate "2005.05.15"]

1. e4 e5 2. Nf3 Nf6 3. Nxe5 d6 4. Nf3 Nxe4 5. Qe2 Qe7 6. d3 Nf6 7. Nc3 Qxe2+ 8.
Bxe2 c6 9. O-O Be7 10. Re1 O-O 11. Bf4 Bf5 12. Nd4 Bg6 13. Bf3 Re8 14. Bg5 Nbd7
15. Re2 Rab8 16. Rae1 Kf8 17. b3 a6 18. Bxc6 bxc6 19. Nxc6 Rbc8 20. Nxe7 Rxc3
21. Nxg6+ hxg6 22. Bf4 Rxe2 23. Bxd6+ 1/2-1/2

[Event "2. ODEM U25 2005"]
[Site "Willingen GER"]
[Date "2005.05.15"]
[Round "2"]
[White "Hinz, Arne"]
[Black "Frey, Steffen"]
[Result "1-0"]
[Termination "normal"]
[Board "35"]
[WhiteElo "1679"]
[BlackElo "1248"]
[PlyCount "71"]
[WhiteFideId "24634875"]
[EventCountry "GER"]
[EventRounds "9"]
[EventType "swiss"]
[EventDate "2005.05.15"]

1. e4 e5 2. Nf3 Nc6 3. Bb5 Nf6 4. O-O Be7 5. Re1 O-O 6. c3 d6 7. h3 Be6 8. d4
a6 9. Ba4 Na5 10. d5 Bd7 11. Nbd2 b5 12. Bc2 c6 13. Nf1 Qc7 14. Ne3 Qc8 15. Nh2
Re8 16. Nef1 Bd8 17. Ng3 Bc7 18. Qf3 Bd8 19. Nf5 Be7 20. Qg3 g6 21. Nh6+ Kh8
22. Qf3 Bd8 23. N6g4 Bxg4 24. hxg4 Ra7 25. g5 Ng8 26. Ng4 Nc4 27. b3 Nb6 28.
Ba3 Qb8 29. Bc1 Kg7 30. Rd1 Rf8 31. dxc6 Qc7 32. Ba3 Nc8 33. Nxe5 Re8 34. Ng4
Bxg5 35. e5 dxe5 36. Rd7 1-0

[Event "2. ODEM U25 2005"]
[Site "Willingen GER"]
[Date "2005.05.15"]
[Round "2"]
[White "Tsoumanis, Konstantinos"]
[Black "Reps, Dirk"]
[Result "0-1"]
[Termination "normal"]
[Board "36"]
[WhiteElo "1204"]
[BlackElo "1665"]
[PlyCount "60"]
[EventCountry "GER"]
[EventRounds "9"]
[EventType "swiss"]
[EventDate "2005.05.15"]

1. e4 c5 2. Nf3 e6 3. d4 cxd4 4. Nxd4 Qb6 5. Nc3 Bc5 6. Na4 Qa5+ 7. c3 Bxd4 8.
Qxd4 e5 9. Qd1 Nf6 10. Bd3 d5 11. exd5 Qxd5 12. O-O b5 13. c4 bxc4 14. Nc3 Qxd3
15. Qa4+ Qd7 16. Qa5 Nc6 17. Qc5 Bb7 18. Bg5 Qe7 19. Qb5 Qb4 20. Bxf6 gxf6 21.
Rac1 Qxb5 22. Nxb5 O-O 23. Rxc4 Ba6 24. Rg4+ Kh8 25. a4 Bxb5 26. axb5 Nd4 27.
Rd1 Rg8 28. Re4 f5 29. Re3 f4 30. Re4 f5 0-1

[Event "2. ODEM U25 2005"]
[Site "Willingen GER"]
[Date "2005.05.15"]
[Round "2"]
[White "Reh, Rebecca"]
[Black "Lebeda, Lukas"]
[Result "1-0"]
[Termination "normal"]
[Board "38"]
[WhiteElo "1650"]
[BlackElo "1222"]
[PlyCount "113"]
[EventCountry "GER"]
[EventRounds "9"]
[EventType "swiss"]
[EventDate "2005.05.15"]

1. e4 c5 2. Nf3 d6 3. d4 cxd4 4. Nxd4 g6 5. Nc3 Bg7 6. Be3 Bd7 7. Bc4 Nc6 8.
Qd2 Nf6 9. f3 Qb6 10. O-O-O Nxd4 11. Bxd4 Qc7 12. Bb3 a5 13. Bxf6 Bxf6 14. Nd5
Qc6 15. Nxf6+ exf6 16. Qxd6 Rd8 17. Qxc6 Bxc6 18. Rxd8+ Kxd8 19. Bxf7 Ke7 20.
Bc4 b5 21. Bd3 Rg8 22. Re1 Kd7 23. Kd2 Kd6 24. c4 Kc5 25. cxb5 Bxb5 26. Bxb5
Kxb5 27. Rc1 f5 28. exf5 gxf5 29. g3 Rd8+ 30. Ke3 Re8+ 31. Kf2 Rd8 32. Rc2 Rd7
33. Ke3 a4 34. Kf4 Rf7 35. a3 h6 36. Ke5 Rf8 37. f4 Kb6 38. Rc4 Kb5 39. Rb4+
Ka5 40. Rd4 Rb8 41. Rd5+ Ka6 42. Rd2 Rf8 43. Rd6+ Ka5 44. Rxh6 Rb8 45. Rh7 Ka6
46. Rc7 Rxb2 47. h4 Rb3 48. h5 Rxa3 49. Kxf5 Rxg3 50. h6 Rh3 51. h7 Ka5 52. Kg4
Rh1 53. Rc5+ Kb4 54. Rh5 Rg1+ 55. Kf5 a3 56. h8=Q a2 57. Qd4+ 1-0

[Event "2. ODEM U25 2005"]
[Site "Willingen GER"]
[Date "2005.05.15"]
[Round "2"]
[White "Zimmerer, David"]
[Black "Lobe, Sandra"]
[Result "0-1"]
[Termination "normal"]
[Board "39"]
[WhiteElo "1193"]
[BlackElo "1626"]
[PlyCount "138"]
[WhiteFideId "4620224"]
[EventCountry "GER"]
[EventRounds "9"]
[EventType "swiss"]
[EventDate "2005.05.15"]

1. d4 g6 2. Bf4 Bg7 3. e3 d6 4. Nf3 Nf6 5. h3 a6 6. a4 Nbd7 7. Nbd2 O-O 8. Bh2
Re8 9. Be2 e5 10. dxe5 dxe5 11. Nc4 e4 12. Nd4 Nf8 13. Nb3 Qe7 14. c3 Be6 15.
Qc2 Nd5 16. Nd4 Bxd4 17. cxd4 b5 18. axb5 axb5 19. Rxa8 Rxa8 20. Nd2 Ra1+ 21.
Bd1 f5 22. Rg1 Qh4 23. Ke2 Qh5+ 24. f3 Qh6 25. f4 Qh5+ 26. Kf2 Qh4+ 27. Bg3 Qe7
28. Be2 Rxg1 29. Kxg1 Nxe3 30. Qc6 Qb4 31. Be1 Qxd4 32. Kh1 Qxb2 33. Qxb5 Qc1
34. Qb1 Qxb1 35. Nxb1 Nd7 36. Nc3 Bc4 37. Bxc4+ Nxc4 38. Nd5 c5 39. Bh4 Ncb6
40. Nf6+ Nxf6 41. Bxf6 Kf7 42. Bc3 Nd5 43. Bb2 Nxf4 44. Kg1 Nd3 45. Bc3 Ke6 46.
Kf1 Kd5 47. Ke2 Kc4 48. Bg7 Kb3 49. Kd2 Nf4 50. Bf8 c4 51. Bh6 Nxg2 52. Bg5 e3+
53. Kd1 c3 54. h4 c2+ 55. Kc1 e2 56. Bd2 e1=Q+ 57. Bxe1 Nxe1 58. h5 Nd3+ 59.
Kd2 c1=Q+ 60. Kxd3 Qc4+ 61. Ke3 g5 62. h6 Kc3 63. Kf3 Qe4+ 64. Kf2 Kd3 65. Kg3
Qf4+ 66. Kg2 Ke3 67. Kh3 Qg4+ 68. Kh2 Kf2 69. Kh1 Qh3# 0-1

[Event "2. ODEM U25 2005"]
[Site "Willingen GER"]
[Date "2005.05.15"]
[Round "2"]
[White "Hoffmann, Lena"]
[Black "Chernova, Margarita"]
[Result "1-0"]
[Termination "normal"]
[Board "41"]
[WhiteElo "1558"]
[BlackElo "1187"]
[PlyCount "49"]
[WhiteFideId "24626597"]
[EventCountry "GER"]
[EventRounds "9"]
[EventType "swiss"]
[EventDate "2005.05.15"]

1. Nc3 d5 2. e4 d4 3. Nce2 e5 4. Ng3 Bd6 5. Bc4 Ne7 6. d3 O-O 7. N1e2 Nbc6 8.
a3 Na5 9. Ba2 c5 10. O-O b5 11. f4 Ng6 12. fxe5 Nxe5 13. Nf5 Be6 14. Qe1 Bxa2
15. Rxa2 Ng4 16. h3 Nf6 17. Nxd6 Qxd6 18. Qxa5 a6 19. Qe1 Rfe8 20. Ng3 g6 21.
Qf2 Kg7 22. Bf4 Qe6 23. Raa1 c4 24. Qxd4 Re7 25. Bg5 1-0

[Event "2. ODEM U25 2005"]
[Site "Willingen GER"]
[Date "2005.05.15"]
[Round "2"]
[White "Kyas, Marcel"]
[Black "Nöttling, Dominik"]
[Result "1-0"]
[Termination "normal"]
[Board "42"]
[WhiteElo "1518"]
[BlackElo "1179"]
[PlyCount "41"]
[WhiteFideId "24642037"]
[BlackFideId "24672807"]
[EventCountry "GER"]
[EventRounds "9"]
[EventType "swiss"]
[EventDate "2005.05.15"]

1. d4 d5 2. c4 e6 3. Nc3 Nf6 4. Bf4 Bb4 5. e3 Ne4 6. Qc2 Nxc3 7. bxc3 Ba5 8.
Nf3 Nc6 9. Bd3 dxc4 10. Bxc4 Bd7 11. O-O O-O 12. a3 Qe7 13. Bd3 g6 14. c4 f6
15. Qb2 Rfe8 16. d5 exd5 17. cxd5 Ne5 18. Bxe5 fxe5 19. Bc4 Qc5 20. Rac1 e4 21.
d6+ 1-0

[Event "2. ODEM U25 2005"]
[Site "Willingen GER"]
[Date "2005.05.15"]
[Round "2"]
[White "Hirning, Oliver"]
[Black "Hauffen, Kai"]
[Result "1-0"]
[Termination "normal"]
[Board "43"]
[WhiteElo "1511"]
[BlackElo "1120"]
[PlyCount "118"]
[EventCountry "GER"]
[EventRounds "9"]
[EventType "swiss"]
[EventDate "2005.05.15"]

1. e4 e5 2. Nf3 Nc6 3. Bb5 a6 4. Ba4 b5 5. Bb3 Na5 6. c3 Nxb3 7. axb3 d6 8. h3
Nf6 9. d3 Be7 10. Bg5 O-O 11. O-O Bb7 12. Re1 c5 13. Nbd2 h6 14. Be3 Qc7 15.
Rc1 d5 16. exd5 Bxd5 17. d4 e4 18. Ne5 c4 19. b4 a5 20. bxa5 Rxa5 21. Ng4 Nxg4
22. Qxg4 Qb7 23. Bxh6 Bf6 24. Bf4 Ra2 25. Rb1 Re8 26. f3 Be6 27. Qg3 Bf5 28.
Nf1 Qa8 29. Bd6 exf3 30. Rxe8+ Qxe8 31. Re1 Qd7 32. Qxf3 g6 33. Ba3 b4 34. Bxb4
Rxb2 35. Bc5 Rb8 36. g4 Be6 37. Qxf6 Rb2 38. Qf3 Bd5 39. Qg3 Rg2+ 40. Qxg2 Bxg2
41. Kxg2 Qd5+ 42. Kg3 f5 43. Re8+ Kg7 44. Re7+ Kg8 45. Ne3 Qh1 46. gxf5 Qg1+
47. Ng2 gxf5 48. Bd6 Qa1 49. Bb4 Qa8 50. Ne3 Qb8+ 51. Re5 Qd8 52. Rxf5 Qc7+ 53.
Rf4 Qg7+ 54. Rg4 Qxg4+ 55. Nxg4 Kf7 56. Kf4 Ke6 57. Kg5 Kf7 58. Ne5+ Kg8 59.
Kg6 Kh8 1-0

[Event "2. ODEM U25 2005"]
[Site "Willingen GER"]
[Date "2005.05.15"]
[Round "2"]
[White "Usov, Andreas"]
[Black "Schäfer, Simon"]
[Result "0-1"]
[Termination "normal"]
[Board "44"]
[WhiteElo "1101"]
[BlackElo "1395"]
[PlyCount "120"]
[WhiteFideId "24601713"]
[EventCountry "GER"]
[EventRounds "9"]
[EventType "swiss"]
[EventDate "2005.05.15"]

1. e4 c5 2. Nf3 d6 3. Nc3 Nc6 4. Bb5 Bd7 5. d3 a6 6. Bc4 b5 7. Bd5 Nf6 8. Bxc6
Bxc6 9. Be3 g6 10. Rg1 Bg7 11. e5 Ng4 12. exd6 Nxe3 13. fxe3 exd6 14. Qd2 b4
15. Nd1 O-O 16. c3 bxc3 17. Nxc3 Bh6 18. Kd1 Re8 19. Re1 Rb8 20. Kc2 Re7 21.
Qe2 Rxe3 22. Qd2 Rxe1 23. Qxe1 Bg7 24. Rb1 Qe8 25. Qd2 Qd7 26. h3 Bxf3 27. gxf3
Qxh3 28. Qe2 Qe6 29. Qxe6 fxe6 30. Ne4 Be5 31. b3 Rf8 32. Rf1 Kg7 33. Kd2 h5
34. Ng5 Bf4+ 35. Kc3 Bxg5 36. Kc4 Rf4+ 37. Kc3 Bf6+ 38. Kd2 Bd4 39. Ke2 g5 40.
Rh1 Rh4 41. Rf1 Rh2+ 42. Kd1 Rxa2 43. Ke1 Rb2 44. f4 Rb1+ 45. Ke2 Rxf1 46. Kxf1
gxf4 47. b4 cxb4 48. Ke2 b3 49. Kf3 b2 50. Kxf4 b1=Q 51. Ke4 Be5 52. Ke3 Qe1+
53. Kf3 Qg3+ 54. Ke2 h4 55. Kd2 h3 56. Kc2 h2 57. Kb3 Qxd3+ 58. Ka2 Qb5 59. Ka3
h1=R 60. Ka2 Ra1# 0-1

[Event "2. ODEM U25 2005"]
[Site "Willingen GER"]
[Date "2005.05.15"]
[Round "2"]
[White "Volz, Daniel"]
[Black "Nitsche-Hahn, Raphael"]
[Result "1-0"]
[Termination "normal"]
[Board "45"]
[WhiteElo "1391"]
[BlackElo "1086"]
[PlyCount "31"]
[WhiteFideId "4661125"]
[BlackFideId "4613120"]
[EventCountry "GER"]
[EventRounds "9"]
[EventType "swiss"]
[EventDate "2005.05.15"]

1. e4 c5 2. Nf3 Nc6 3. d4 cxd4 4. Nxd4 g6 5. Be3 Bg7 6. Nc3 Nf6 7. f3 Qa5 8.
Qd2 d6 9. Nb3 Qc7 10. O-O-O Bd7 11. Kb1 O-O-O 12. Nb5 Qb8 13. Qf2 b6 14. Nxa7+
Nxa7 15. Bxb6 Rde8 16. Ba6+ 1-0

[Event "2. ODEM U25 2005"]
[Site "Willingen GER"]
[Date "2005.05.15"]
[Round "2"]
[White "Plumbaum, Nadja"]
[Black "Durmisi, Valon"]
[Result "0-1"]
[Termination "normal"]
[Board "46"]
[WhiteElo "940"]
[BlackElo "1373"]
[PlyCount "42"]
[WhiteFideId "24691941"]
[EventCountry "GER"]
[EventRounds "9"]
[EventType "swiss"]
[EventDate "2005.05.15"]

1. c4 e5 2. Nc3 Nf6 3. g3 Bc5 4. Bg2 Nc6 5. d3 d6 6. Nf3 O-O 7. O-O Bg4 8. h3
Be6 9. Na4 Bb6 10. Nc3 h6 11. Bd2 Qd7 12. Ne1 Bxh3 13. Nd5 Nxd5 14. cxd5 Ne7
15. e4 Bxg2 16. Kxg2 f5 17. exf5 Qxf5 18. Be3 Bxe3 19. fxe3 Qxf1+ 20. Kh2 Rf2+
21. Ng2 Qxg2# 0-1

[Event "2. ODEM U25 2005"]
[Site "Willingen GER"]
[Date "2005.05.15"]
[Round "2"]
[White "Gahn, Cornelia"]
[Black "Sadjjadi, Bijan Viktor"]
[Result "1-0"]
[Termination "normal"]
[Board "47"]
[WhiteElo "1342"]
[BlackElo "750"]
[PlyCount "45"]
[EventCountry "GER"]
[EventRounds "9"]
[EventType "swiss"]
[EventDate "2005.05.15"]

1. e4 e5 2. Nf3 Nc6 3. Nc3 Bc5 4. Bb5 Nf6 5. d3 O-O 6. Bxc6 dxc6 7. Nxe5 Qd4 8.
Be3 Qxe5 9. d4 Bxd4 10. Bxd4 Qd6 11. e5 Qe6 12. O-O Nd5 13. Ne2 b6 14. b3 c5
15. Bb2 Bb7 16. c4 Nb4 17. a3 Qg4 18. Ng3 Qxd1 19. Rfxd1 Rad8 20. axb4 Rxd1+
21. Rxd1 cxb4 22. Rd7 Rc8 23. e6 1-0

[Event "2. ODEM U25 2005"]
[Site "Willingen GER"]
[Date "2005.05.15"]
[Round "2"]
[White "Gheng, Christian"]
[Black "Jorczik, Andreas"]
[Result "0-1"]
[Termination "normal"]
[Board "48"]
[WhiteElo "743"]
[BlackElo "1329"]
[PlyCount "54"]
[WhiteFideId "24660345"]
[BlackFideId "24634921"]
[EventCountry "GER"]
[EventRounds "9"]
[EventType "swiss"]
[EventDate "2005.05.15"]

1. e4 c5 2. Nf3 e6 3. d4 cxd4 4. Nxd4 Nf6 5. e5 Qa5+ 6. Nc3 Qxe5+ 7. Be3 Ng4 8.
Bd3 Nxe3 9. fxe3 Qxe3+ 10. Be2 Bc5 11. Ndb5 Qf2+ 12. Kd2 Be3+ 13. Kd3 Na6 14.
Rf1 Nc5+ 15. Kc4 Qh4+ 16. g4 Qxh2 17. Nc7+ Qxc7 18. Rf3 d5+ 19. Kb4 Qb6+ 20.
Nb5 a5+ 21. Kc3 Ne4+ 22. Kd3 Bd7 23. Qf1 Bxb5+ 24. c4 Qd4+ 25. Kc2 Qd2+ 26. Kb1
Bd4 27. Rxf7 Qxb2# 0-1

[Event "2. ODEM U25 2005"]
[Site "Willingen GER"]
[Date "2005.05.16"]
[Round "3"]
[White "Bigalke, Tobias"]
[Black "Krensing, Jan"]
[Result "0-1"]
[Termination "normal"]
[Board "1"]
[WhiteElo "2009"]
[BlackElo "2233"]
[PlyCount "58"]
[WhiteFideId "4698282"]
[BlackFideId "4671694"]
[EventCountry "GER"]
[EventRounds "9"]
[EventType "swiss"]
[EventDate "2005.05.15"]

1. e4 c5 2. Nf3 Nc6 3. d4 cxd4 4. Nxd4 g6 5. Be3 Nf6 6. Bd3 Bg7 7. c4 Ng4 8.
Qxg4 Bxd4 9. Bxd4 Nxd4 10. Qg3 Qb6 11. b3 Qa5+ 12. Nd2 Nxb3 13. Rd1 Nxd2 14.
Rxd2 d6 15. Ke2 Bd7 16. Rb1 Bc6 17. Qe3 O-O 18. Kf1 Qc5 19. Qh6 Rab8 20. Rc2
Qd4 21. Rd2 Bxe4 22. Bxe4 Qxe4 23. Re1 Qxc4+ 24. Kg1 Qc3 25. Rde2 e6 26. Re3
Qg7 27. Qf4 d5 28. Re5 Rbc8 29. Qd2 Rc4 0-1

[Event "2. ODEM U25 2005"]
[Site "Willingen GER"]
[Date "2005.05.16"]
[Round "3"]
[White "Patzer, Stefan"]
[Black "Schinkowski, Christoph"]
[Result "1-0"]
[Termination "normal"]
[Board "2"]
[WhiteElo "1997"]
[BlackElo "2193"]
[PlyCount "85"]
[WhiteFideId "24601209"]
[BlackFideId "4686632"]
[EventCountry "GER"]
[EventRounds "9"]
[EventType "swiss"]
[EventDate "2005.05.15"]

1. f4 d5 2. e3 Nf6 3. Nf3 g6 4. d4 Bg7 5. Bd3 c5 6. c3 O-O 7. O-O b6 8. Qe2 a5
9. Ne5 Ba6 10. Bxa6 Nxa6 11. Nd2 Qc7 12. h4 a4 13. a3 Nb8 14. Rf3 Nc6 15. Rh3
h5 16. Ndf3 Ng4 17. Nh2 Ngxe5 18. fxe5 f6 19. Qd3 fxe5 20. Qxg6 Qd6 21. Qxh5
exd4 22. exd4 cxd4 23. Ng4 dxc3 24. Nh6+ Bxh6 25. Bxh6 Rf6 26. Bg5 Qe5 27. Rxc3
Nd4 28. Re3 Qf5 29. Rxe7 Rc8 30. Rae1 Rff8 31. Qh6 Rf7 32. Re8+ Rxe8 33. Rxe8+
Rf8 34. Rxf8+ Qxf8 35. Qxb6 Ne2+ 36. Kh2 Qf1 37. Qg6+ Kf8 38. Qd6+ Kf7 39.
Qxd5+ Kg6 40. Qg8+ Kh5 41. Qe8+ Kg4 42. Qe4+ Kh5 43. g4# 1-0

[Event "2. ODEM U25 2005"]
[Site "Willingen GER"]
[Date "2005.05.16"]
[Round "3"]
[White "Kesten, Sebastian"]
[Black "Lantzsch, Christian"]
[Result "1-0"]
[Termination "normal"]
[Board "3"]
[WhiteElo "1978"]
[BlackElo "2141"]
[PlyCount "69"]
[WhiteFideId "24616214"]
[BlackFideId "4659821"]
[EventCountry "GER"]
[EventRounds "9"]
[EventType "swiss"]
[EventDate "2005.05.15"]

1. d4 d5 2. c4 Nc6 3. cxd5 Qxd5 4. Nf3 e5 5. Nc3 Bb4 6. a3 Bxc3+ 7. bxc3 Nf6 8.
e3 O-O 9. c4 Qd6 10. d5 Ne7 11. a4 Nd7 12. Ba3 Nc5 13. Nd2 f5 14. Nb3 b6 15.
Nxc5 bxc5 16. Rb1 Bd7 17. Be2 a5 18. O-O Nc8 19. Bb2 Nb6 20. Ra1 Rfb8 21. Bc3
Be8 22. Qc2 g6 23. Ra2 Ra7 24. f4 e4 25. Ba1 Kf8 26. Qc3 Ke7 27. Qh8 Kd7 28.
Bf6 h5 29. Rd1 Raa8 30. Be5 Bf7 31. Qg7 Qf8 32. Qf6 Ra7 33. Qc6+ Kc8 34. d6 Be8
35. dxc7 1-0

[Event "2. ODEM U25 2005"]
[Site "Willingen GER"]
[Date "2005.05.16"]
[Round "3"]
[White "Beckmann, Emanuel"]
[Black "Banik, Thorsten"]
[Result "0-1"]
[Termination "normal"]
[Board "4"]
[WhiteElo "1964"]
[BlackElo "2107"]
[PlyCount "40"]
[WhiteFideId "24608025"]
[BlackFideId "4659376"]
[EventCountry "GER"]
[EventRounds "9"]
[EventType "swiss"]
[EventDate "2005.05.15"]

1. e4 d5 2. exd5 Qxd5 3. Nc3 Qa5 4. d4 c6 5. Bc4 Nf6 6. Nf3 Bg4 7. Bd2 e6 8.
Nd5 Qd8 9. Nxf6+ Qxf6 10. Bc3 Bd6 11. d5 Bxf3 12. gxf3 Be5 13. dxe6 Bxc3+ 14.
Kf1 Bb4 15. c3 Be7 16. Qb3 b5 17. Bxb5 Qxf3 18. exf7+ Kf8 19. Qe6 Qxh1+ 20. Ke2
Qd5 0-1

[Event "2. ODEM U25 2005"]
[Site "Willingen GER"]
[Date "2005.05.16"]
[Round "3"]
[White "Hort, Alexej"]
[Black "Zayadeh, Raphael"]
[Result "1-0"]
[Termination "normal"]
[Board "5"]
[WhiteElo "2105"]
[BlackElo "1928"]
[PlyCount "49"]
[WhiteFideId "4678125"]
[EventCountry "GER"]
[EventRounds "9"]
[EventType "swiss"]
[EventDate "2005.05.15"]

1. d4 d5 2. c4 e6 3. Nc3 Be7 4. Nf3 Nf6 5. Bg5 h6 6. Bxf6 Bxf6 7. Qd2 b6 8. e3
O-O 9. Bd3 dxc4 10. Bxc4 c5 11. O-O-O cxd4 12. exd4 Qc7 13. Bb3 Bb7 14. Bc2
Bxf3 15. Qd3 Qf4+ 16. Kb1 Rd8 17. Qh7+ Kf8 18. gxf3 Nc6 19. Rhe1 Nb4 20. Be4
Rac8 21. a3 Rxc3 22. bxc3 Qc7 23. cxb4 Bg5 24. Bc2 g6 25. Rxe6 1-0

[Event "2. ODEM U25 2005"]
[Site "Willingen GER"]
[Date "2005.05.16"]
[Round "3"]
[White "Sieker, Roland"]
[Black "Zentgraf, Robert"]
[Result "0-1"]
[Termination "normal"]
[Board "6"]
[WhiteElo "1895"]
[BlackElo "2082"]
[PlyCount "72"]
[WhiteFideId "24600261"]
[BlackFideId "4676483"]
[EventCountry "GER"]
[EventRounds "9"]
[EventType "swiss"]
[EventDate "2005.05.15"]

1. e4 c5 2. Nf3 d6 3. d4 cxd4 4. Nxd4 Nf6 5. Nc3 g6 6. Be3 Bg7 7. Be2 O-O 8.
O-O Nc6 9. Qd2 Nxd4 10. Bxd4 Qa5 11. Nb1 Qxd2 12. Nxd2 Rd8 13. c3 Bd7 14. Rfe1
Bc6 15. Rad1 e5 16. Be3 Nxe4 17. Nxe4 Bxe4 18. Bc4 Bc6 19. Rd2 Kf8 20. f4 Ke7
21. fxe5 Bxe5 22. Bd4 f6 23. g4 g5 24. Bb3 Bf3 25. h3 h5 26. gxh5 Bxh5 27. c4
b6 28. Bc2 Bf7 29. b3 Be6 30. Be4 Rac8 31. Kg2 Rh8 32. Rd3 Rh4 33. Bd5 Bd7 34.
Bxe5 dxe5 35. Rf3 Rch8 36. Ref1 Bxh3+ 0-1